000 02746nam0a2200421 4500
001 RU\NLR\BIBL_A\012531507
005 20210920102706.0
010 _a978-5-88156-842-9
_9300
021 _aRU
_bКН-П-21-000046
_9КН-П-21-0003
035 _a(NLR Aleph) 012531507
035 _a(RuMoRGB)010546985
090 _a12366663
_c12366663
100 _a20210529d2020 k y0rusy50 ca
101 0 _arus
_aeng
102 _aRU
105 _aach|z|||100yy
181 0 _ai
_baxxe
182 0 _an
200 1 _aАктуальные вопросы гуманитарных, экономических и естественных наук: теория и практика
_eматериалы национальной научной конференции Института агроинженерии (Челябинск, 2020)
_fМинистерство сельского хозяйства Российской Федерации, Департамент научно-технологической политики и образования, Федеральное государственное бюджетное образовательное учреждение высшего образования "Южно-Уральский государственный аграрный университет"
_gпод ред. д-ра биол. нак, доцента С. А. Гриценко
203 _aТекст
_bвизуальный
_cнепосредственный
210 _aЧелябинск
_cФГБОУ ВО Южно-Уральский ГАУ
_d2020
215 _a202, [1] с.
_cил., портр., табл., факс.
_d21
300 _aТекст ст. на рус. и англ. яз.
320 _aБиблиогр. в конце ст.
606 1 _aГуманитарные науки
_jСъезды, совещания и т.п
_92175177
_3RU\NLR\AUTH\661308230
606 1 _aСельское хозяйство
_jСъезды, совещания и т.п
_9896357
_3RU\NLR\AUTH\664909
686 1 _aЧ21я431
686 1 _aС.я431
686 1 _aП.я431(2)
702 1 _aГриценко
_bС. А.
_gСветлана Анатольевна
_4340
711 0 2 _aЮжно-Уральский государственный аграрный университет
_bИнститут агроинженерии
_cТроицк
_cЧелябинск
_9501320
_3RU\NLR\AUTH\880418125
712 0 2 _4475
_aЮжно-Уральский государственный аграрный университет
_cТроицк
_9583810
_3RU\NLR\AUTH\880460563
942 _cBOOK
980 _aNBR
980 _aNB